000 00530nam a2200169 i 4500
001 75240
003 ES-MaACL
007 t|
008 040923s1935 fr ||||1| fre d
100 1 _aGrahame, Kenneths.
_959530
245 1 3 _aAu royaume des enfants L'Age d'Or /
_cKenneths Grahame ; traduit de l'anglais par Léo Lack.
250 _a2eme ed.
260 _aParis :
_bMercure de France,
_c1935 (
_eSaint-Amand, Cher :
_fR. Bussiére)
300 _a221 p. ;
_c19 cm.
700 1 _aLack, Leo.
_969370
852 _aES-MaACL
_jC-7396
999 _c75240
_d75240